00481 a2200133 4500020001500000082002000015100002100035245006500056260004200121300003100163650004000194999001300234952010000247 a0470841990 a620.1123015 MUN aMunjiza, Antonio aThe Combined finite Discrete Element MethodcAntonio Munjiza aEngland :bJohn Wiley and Sons,c2004 ax, 333p. :bill . ;c29 cm aDeformations -- Mathematical models c819d819 00104070aNITbNITcCEd0000-00-00l0o620.1123015 MUNpNIT-4132 r2017-01-05w2017-01-05yBK